| 000 | 00626nam a2200217 a 4500 | ||
|---|---|---|---|
| 005 | 20140310183434.0 | ||
| 008 | 080116s19uu xx 00 eng d | ||
| 020 | _a0071244646 | ||
| 050 |
_aHD 62.7 _b.M497 2006 |
||
| 100 | _aMegginson, Leon C. | ||
| 245 |
_aSmall business management : _ban entrepreneur's guidebook / _cLeon C. Megginson |
||
| 250 | _a5th ed. | ||
| 260 |
_aBoston : _bMcGraw-Hill, _c2006. |
||
| 300 |
_a518 p. : _bill. ; _c25 cm. |
||
| 521 | _aBSBA | ||
| 650 |
_aSmall business _xManagement. |
||
| 700 | _aByrd, Mary Jane | ||
| 700 | _aMegginson, William L. | ||
| 942 |
_cBK _2lcc _kFOR |
||
| 999 |
_c22807 _d22807 |
||